Welcome to CU Library Online Public Access Catalogue (OPAC)

Qualitative Research in Nursing (Record no. 7905)

MARC details
000 -LEADER
fixed length control field 00624nam a22001817a 4500
005 - DATE AND TIME OF LATEST TRANSACTION
control field 20251029173127.0
008 - FIXED-LENGTH DATA ELEMENTS--GENERAL INFORMATION
fixed length control field 251029b |||||||| |||| 00| 0 eng d
020 ## - INTERNATIONAL STANDARD BOOK NUMBER
International Standard Book Number 9780781796002
050 ## - LIBRARY OF CONGRESS CALL NUMBER
Classification number RT81.5
Item number .S78
100 ## - MAIN ENTRY--PERSONAL NAME
Personal name Streubert, Helen J.
245 ## - TITLE STATEMENT
Title Qualitative Research in Nursing
Remainder of title advancing the humanistic imperative
Statement of responsibility, etc. Helen J. Streubert & Dona Rinaldi Carpenter
250 ## - EDITION STATEMENT
Edition statement 5th ed.
260 ## - PUBLICATION, DISTRIBUTION, ETC.
Place of publication, distribution, etc. Philadelphia
Name of publisher, distributor, etc. Wolters Kluwer/ Lippincott Williams & Wilkins
Date of publication, distribution, etc. 2011
300 ## - PHYSICAL DESCRIPTION
Extent xxiv. 470p.
Other physical details ill. some color
Dimensions 23cm
500 ## - GENERAL NOTE
General note includes index
700 ## - ADDED ENTRY--PERSONAL NAME
Personal name Carpenter, Dona Rinaldi
942 ## - ADDED ENTRY ELEMENTS (KOHA)
Source of classification or shelving scheme Library of Congress Classification
Koha item type Books
Edition 5th ed.
Suppress in OPAC No
999 ## -
-- 7905
-- 7905
Holdings
Withdrawn status Lost status Source of classification or shelving scheme Damaged status Not for loan Collection Home library Current library Shelving location Date acquired Total checkouts Full call number Barcode Date last seen Copy number Price effective from Koha item type
    Library of Congress Classification     Non-fiction Science Library (Miotso) Science Library (Miotso) General stacks 10/29/2025   RT81.5 .S78 STR SLM00004933 10/29/2025 1 10/29/2025 Books
© 2023-2024 Copyright: Central University Libraries. All Rights Reserved | Created by: Mahone Tech Office